000 01618cam a2200349 a 4500
999 _c332145
_d332145
001 14432150
003 NUST
005 20171115105408.0
008 060629s2007 ne a b 001 0 eng
010 _a 2006021434
015 _aGBA681536
_2bnb
016 7 _a013562432
_2Uk
020 _a0123724937 (alk. paper)
020 _a9780123724939 (alk. paper)
035 _a(OCoLC)ocm70483273
035 _a(OCoLC)70483273
_z(OCoLC)71807771
040 _aDLC
_cDLC
_dBAKER
_dUKM
_dC#P
_dIXA
_dYDXCP
_dDLC
050 0 0 _aTD897.6
_b.I63 2007
082 0 0 _a628.4 NEL
_222
245 0 0 _aIndustrial waste treatment :
_b[contemporary practice and vision for the future] /
_cEditor, Nelson Leonard Nemerow.
260 _aAmsterdam ;
_aBoston :
_bElsevier/Butterworth-Heinemann,
_cc2007.
300 _axx, 561 p. :
_bill. ;
_c24 cm.
500 _aSubtitle from cover.
501 _aH.B
504 _aIncludes bibliographical references and index.
650 0 _aFactory and trade waste
_xPurification.
_91014
650 0 _aSewage disposal plants.
_94904
700 1 _aNemerow, Nelson L.
_95738
856 4 1 _3Table of contents only
_uhttp://www.loc.gov/catdir/toc/ecip0617/2006021434.html
856 4 2 _3Publisher description
_uhttp://www.loc.gov/catdir/enhancements/fy0664/2006021434-d.html
906 _a7
_bcbc
_corignew
_d1
_eecip
_f20
_gy-gencatlg
942 _2ddc
_cBK
_kIESE